| 000 | 01369nam a2200361 i 4500 | ||
|---|---|---|---|
| 001 | 000024019 | ||
| 003 | DO-SdBPM | ||
| 005 | 20251121111909.0 | ||
| 006 | a||||gr|||| 00| 0 | ||
| 007 | ta | ||
| 008 | 110118e2020 dr ad 000 e spa d | ||
| 020 | _a9789945926712 | ||
| 040 |
_aDO-SdBNP _bspa _cBPMSU _erda _d |
||
| 082 | 4 |
_a320.97293 _bL925r 2020 _222 |
|
| 100 | 1 |
_aLozano, Wilfredo _d1950- _eautor |
|
| 245 | 1 | 3 |
_aEl reformismo dependiente : _bpolítica económica y sociedad en el gobierno de los 12 años de Joaquín Balaguer : 1966-1978 / _cWilfredo Lozano. |
| 250 | _a2a. ed. | ||
| 264 |
_aSanto Domingo : _bTaller, _c2020 |
||
| 300 |
_a485 páginas : _bIlustraciones, gráficas ; _c23 cm. |
||
| 336 |
_2rdacontent _atexto _btxt |
||
| 337 |
_2rdamedia _asin mediación _bn |
||
| 338 |
_2rdacarrier _avolumen _bnc |
||
| 500 | _aIncluye índice | ||
| 500 | _aIncluye datos biográficos del autor en la solapa de la cubierta | ||
| 500 | _aIncluye referencias bibliográficas y notas al pie las páginas | ||
| 504 | _aBibliografía : páginas 417-441 | ||
| 590 | _aInventariado 2025 / VM | ||
| 651 | 7 |
_a República Dominicana _xPolítica y gobierno _y1966-1978 |
|
| 651 | 7 |
_aRepública Dominicana _x Política económica |
|
| 651 | 7 |
_aRepública Dominicana _xCondiciones sociales |
|
| 910 | _aVMateo V. Control de calidad. BPMSU | ||
| 942 |
_2ddc _cBK |
||
| 999 |
_c15535 _d15535 |
||